000 00608nam a22001937a 4500
001 0002345
003 DO-SdBNP
005 20180313130218.0
007 0002345
008 160512b 2011 dr ||||| |||| 00| 0 spa d
040 _aBPMSU
_bspa
_cBPMSU
100 _aValdez, Adalgisa
245 _aAprendo con mi caligrafía :
_bEducación básica y media /
_c Adalgisa Valdez
260 _aSancristobal, República Diminicana:
_bImpresos José Daniel
_c2011
300 _a140 p. :
_bil.
_c30 cm.
942 _2ddc
_cBK
945 _aRemanejado para la BNPHU / 2018 VM
956 _aVMATEO
_b10
_c20160511
_dBPMSU
_f0069
999 _c10118
_d10118